01051cam a2200253 a 4500001000800000005001700008008004100025010001700066020001500083040001800098041000800116043001200124051013300136051027400269080001500543082001900558100000700577101000800584245003300592906004500625942001200670999001700682952009800699445324820180112045850.0950906s1996 nyu 000 1 eng  a 95039823  a0679448594 aDLCcDLCdDLC aeng an-us--- aPS3550.A1bP75 1996ccAnother impression. 2nd impression [1996], as indicated by code on copyright page. LC copy in dust jacket. aPS3550.A1bP75 1996 Copy 3cSigned by author. Front free endpaper inscribed in ink: "To the Law Library of Congress with the compliments of the author, who if suitably encouraged will base his next novel on the Supreme Court. Anonymous, 2/6/96." LC copy in dust jacket. a813.54 JAM00a813.54 JAM220 a20 aPOL10aPrimary colors :cAnonymous. a7bcbccorignewd1eocipf19gy-gencatlg 2ddccBK c40191d40191 00102ddc4070a002b002d2018-01-12l0o813.54 JAMp002-2994932r2018-01-12w2018-01-12yBK